[Event "AUT_2BO_200607"]
[Site "6 810Zwettl,4 511Bruck/L,2"]
[Date "2006.11.04"]
[Round "4"]
[Board "2"]
[White "Roehrl, Karl"]
[Black "Petran, Peter"]
[Result "1/2-1/2"]
[WhiteElo "2307"]
[BlackElo "2320"]
[PlyCount "83"]
[EventDate "2006.10.06"]
[EventType "team"]
[EventRounds "11"]
[EventCountry "AUT"]
[WhiteTeam "St POelten"]
[BlackTeam "ASVOe SK Mattersburg"]

1.d4 g6 2.c4 Bg7 3.Nc3 d6 4.g3 f5 5.Bg2 c6 6.Nf3 Nh6 7.O-O O-O 8.d5 e5 9.dxe6
Bxe6 10.Qd3 Nf7 11.b3 Na6 12.Bb2 Nc5 13.Qc2 a5 14.Rad1 Qb6 15.Nd4 Bc8 16.Na4
Nxa4 17.bxa4 Re8 18.e3 Ng5 19.Rb1 Qc7 20.c5 d5 21.Rbc1 Qe7 22.Nb3 Bxb2 23.Qxb2
Qg7 24.Qxg7+ Kxg7 25.Rfe1 Kf6 26.Nd4 Nf7 27.f4 Nh6 28.h3 Ke7 29.Kf2 Ng8 30.Rb1
Nf6 31.Rb3 Kd8 32.Reb1 Kc7 33.Bf3 Ra7 34.Rc1 Be6 35.Rb6 Nd7 36.Rb2 Raa8 37.Rc3
Re7 38.Rb1 Bf7 39.a3 Rb8 40.Rb2 Nf6 41.Rcb3 Nd7 42.Rc3

[Event "AUT_2BO_200607"]
[Site "6 810Zwettl,4 511Bruck/L,2"]
[Date "2006.11.04"]
[Round "4"]
[Board "3"]
[White "Brod, Manfred"]
[Black "Winiwarter, Felix"]
[Result "1-0"]
[WhiteElo "2258"]
[BlackElo "2181"]
[PlyCount "131"]
[EventDate "2006.10.06"]
[EventType "team"]
[EventRounds "11"]
[EventCountry "AUT"]
[WhiteTeam "ASVOe SK Mattersburg"]
[BlackTeam "St POelten"]

1.e4 e6 2.d4 d5 3.Nc3 Bb4 4.e5 c5 5.a3 Bxc3+ 6.bxc3 Ne7 7.Qg4 Qc7 8.Bd3 c4 9.Be2
O-O 10.f4 Nbc6 11.Nf3 f6 12.O-O Bd7 13.h4 Rf7 14.h5 Raf8 15.Qh3 Qa5 16.Bd2 Qa4
17.Ra2 Qa5 18.Raa1 Qa4 19.Ra2 Qa5 20.Rd1 Bc8 21.Nh2 Qb6 22.Kh1 fxe5 23.fxe5 Rf2
24.Qe3 R2f7 25.g4 Qa5 26.Rg1 Rf4 27.Rf1 Rxf1+ 28.Bxf1 Qd8 29.Bg2 Bd7 30.Rb2 b6
31.Rb1 Be8 32.Nf3 h6 33.Bh3 Kh7 34.Rg1 Ng8 35.Rf1 Qe7 36.Qf2 Kh8 37.Bc1 Nd8
38.Qg3 Ba4 39.Rf2 Be8 40.Kg2 g5 41.hxg6 Bxg6 42.g5 h5 43.Nh4 Be4+ 44.Kh2 Rxf2+
45.Qxf2 Kg7 46.g6 Nh6 47.Qd2 Ng8 48.Qg5 Qe8 49.Qxh5 Bxg6 50.Qg5 Ne7 51.Qf6+ Kh7
52.Nf3 Nf5 53.Nh4 Nxh4 54.Qxh4+ Kg8 55.Qf6 Kh7 56.Qh4+ Kg8 57.Qf6 Kh7 58.Bg5 Nf7
59.Bf4 Qa4 60.Qh4+ Kg8 61.Qf2 Qd7 62.Qg3 Kh7 63.Qh4+ Kg8 64.Qf6 Kh7 65.Bxe6 Qa4
66.Bf5

[Event "AUT_2BO_200607"]
[Site "6 810Zwettl,4 511Bruck/L,2"]
[Date "2006.11.04"]
[Round "4"]
[Board "5"]
[White "Salamon, Werner"]
[Black "Sekyra, Michael"]
[Result "0-1"]
[WhiteElo "2176"]
[BlackElo "2113"]
[PlyCount "118"]
[EventDate "2006.10.06"]
[EventType "team"]
[EventRounds "11"]
[EventCountry "AUT"]
[WhiteTeam "ASVOe SK Mattersburg"]
[BlackTeam "St POelten"]

1.e4 c5 2.c3 d5 3.exd5 Qxd5 4.d4 cxd4 5.cxd4 Nc6 6.Nf3 Bg4 7.Be2 e6 8.Nc3 Bb4
9.O-O Qa5 10.Bd2 Nge7 11.a3 Bxc3 12.Bxc3 Qb6 13.h3 Bxf3 14.Bxf3 O-O 15.Qa4 Rfd8
16.Rad1 Rd7 17.Rd2 Rad8 18.Rfd1 h6 19.Qc4 Nd5 20.g3 Rc7 21.Qa4 a6 22.Kg2 Rcd7
23.Qc4 Qc7 24.Rd3 Nce7 25.Qb3 Qd6 26.Bd2 Rc8 27.Rc1 Rxc1 28.Bxc1 Rc7 29.Rd1 Qc6
30.Bd2 Qc4 31.Qxc4 Rxc4 32.Bc1 Nc6 33.Bxd5 exd5 34.Be3 Rc2 35.Rc1 Kf8 36.b4 b5
37.Re1 f6 38.Bf4 Kf7 39.Bd6 Rc3 40.Re3 Rxe3 41.fxe3 h5 42.Kf3 Ke6 43.Bf8 g6
44.g4 hxg4+ 45.hxg4 Nd8 46.Bh6 f5 47.Kf4 fxg4 48.Kxg4 Nf7 49.Bf4 Kf6 50.Bc7 Nh6+
51.Kf3 Kf5 52.Be5 Ng4 53.Bf4 Nf6 54.Bd6 Ne4 55.Bc5 Nd2+ 56.Ke2 Nc4 57.a4 Ke4
58.a5 Nxe3 59.Kf2 Nf5

[Event "AUT_2BO_200607"]
[Site "6 810Zwettl,4 511Bruck/L,2"]
[Date "2006.11.04"]
[Round "4"]
[Board "6"]
[White "Pernerstorfer, Johannes"]
[Black "Wutzlhofer, Robert"]
[Result "1-0"]
[WhiteElo "2122"]
[BlackElo "2060"]
[PlyCount "111"]
[EventDate "2006.10.06"]
[EventType "team"]
[EventRounds "11"]
[EventCountry "AUT"]
[WhiteTeam "St POelten"]
[BlackTeam "ASVOe SK Mattersburg"]

1.e4 c5 2.Nf3 d6 3.Nc3 Nf6 4.Bc4 e6 5.O-O Be7 6.a4 O-O 7.d3 d5 8.Ba2 dxe4 9.dxe4
Nc6 10.Bf4 a6 11.e5 Nd7 12.Qe2 Qb6 13.Ne4 Qxb2 14.Rfd1 Qb6 15.c3 Qc7 16.Nd6 Nb6
17.Qe4 Nd5 18.Nxc8 Raxc8 19.Bxd5 exd5 20.Rxd5 Qa5 21.Bd2 Rcd8 22.c4 Qc7 23.Bf4
Qc8 24.Rad1 h6 25.Be3 Nb4 26.Rxd8 Rxd8 27.Rxd8+ Qxd8 28.g3 Qd7 29.Kg2 Qc6 30.Nd2
Qxa4 31.Qxb7 Qc6+ 32.Qxc6 Nxc6 33.f4 a5 34.Kf3 a4 35.Nb1 Nd4+ 36.Ke4 Nc2 37.Bc1
Kf8 38.Na3 Nb4 39.Nb5 Ke8 40.Nc3 Kd7 41.Nxa4 Kc6 42.Nc3 Bd8 43.Nd1 Nc2 44.Bb2 g6
45.Bc3 Nb4 46.Ne3 h5 47.g4 hxg4 48.Nxg4 Nc2 49.Nh6 Na3 50.Nxf7 Be7 51.Kd3 Kd7
52.Bb2 Ke6 53.Nh8 Nxc4 54.Kxc4 Kf5 55.Kd5 g5 56.fxg5

[Event "AUT_2BO_200607"]
[Site "6 810Zwettl,4 511Bruck/L,2"]
[Date "2006.11.04"]
[Round "4"]
[Board "1"]
[White "Timoscenko, Gennadij"]
[Black "Hagara, Eduard"]
[Result "1-0"]
[WhiteElo "2495"]
[BlackElo "2383"]
[PlyCount "85"]
[EventDate "2006.10.06"]
[EventType "team"]
[EventRounds "11"]
[EventCountry "AUT"]
[WhiteTeam "1 Wr NeustAedter SV"]
[BlackTeam "ASVOe SK Lackenbach"]

1.d4 Nf6 2.c4 e6 3.Nc3 Bb4 4.Qc2 d5 5.cxd5 exd5 6.Bg5 h6 7.Bh4 c5 8.dxc5 g5
9.Bg3 Ne4 10.e3 Nc6 11.Bd3 Nxc3 12.bxc3 Qf6 13.Ne2 Bxc5 14.Nd4 Bd7 15.Rb1 Bb6
16.Qb3 Ne7 17.Nf3 O-O 18.h4 g4 19.Nd4 Nf5 20.Nxf5 Bxf5 21.Bxf5 Qxf5 22.O-O Rac8
23.Rfd1 Rfd8 24.Rb2 Rc4 25.Rbd2 Qe6 26.Rd3 Qc6 27.Kh2 Rd7 28.e4 Rxe4 29.Rxd5
Rxd5 30.Rxd5 Qc4 31.Rd7 Qxb3 32.axb3 Re2 33.Rxb7 Rc2 34.c4 Kg7 35.h5 Bd4 36.Rd7
Bc5 37.Be5+ Kf8 38.Kg3 Ke8 39.Rd5 Bxf2+ 40.Kxg4 Be3 41.g3 Rf2 42.Bg7 Bg5 43.Re5+

[Event "AUT_2BO_200607"]
[Site "6 810Zwettl,4 511Bruck/L,2"]
[Date "2006.11.04"]
[Round "4"]
[Board "2"]
[White "Vass, Frantisek"]
[Black "Schroll, Gerhard"]
[Result "1/2-1/2"]
[WhiteElo "2352"]
[BlackElo "2377"]
[PlyCount "42"]
[EventDate "2006.10.06"]
[EventType "team"]
[EventRounds "11"]
[EventCountry "AUT"]
[WhiteTeam "ASVOe SK Lackenbach"]
[BlackTeam "1 Wr NeustAedter SV"]

1.d4 f5 2.Nf3 Nf6 3.g3 e6 4.Bg2 Be7 5.O-O O-O 6.c4 d6 7.Qb3 c6 8.Nc3 Ne4 9.Rd1
Bf6 10.Qc2 d5 11.Bf4 Nd7 12.Be5 Qe7 13.e3 g5 14.b3 Bxe5 15.Nxe5 Nxe5 16.dxe5 g4
17.Ne2 Qg7 18.Qb2 Ng5 19.Nf4 Nf7 20.Nd3 Rd8 21.Rac1 Bd7

[Event "AUT_2BO_200607"]
[Site "6 810Zwettl,4 511Bruck/L,2"]
[Date "2006.11.04"]
[Round "4"]
[Board "3"]
[White "Steiner, Bruno"]
[Black "Krpelan, Wolfgang"]
[Result "1/2-1/2"]
[WhiteElo "2259"]
[BlackElo "2265"]
[PlyCount "46"]
[EventDate "2006.10.06"]
[EventType "team"]
[EventRounds "11"]
[EventCountry "AUT"]
[WhiteTeam "1 Wr NeustAedter SV"]
[BlackTeam "ASVOe SK Lackenbach"]

1.c4 c6 2.g3 d5 3.Bg2 Nf6 4.Nf3 Bf5 5.cxd5 cxd5 6.Nc3 e6 7.Qb3 Nc6 8.O-O a6 9.d3
Rb8 10.e4 Bg6 11.Bf4 Na5 12.Qd1 dxe4 13.Nxe4 Rc8 14.Rc1 Rxc1 15.Qxc1 Nd5 16.Be5
Nc6 17.Nc5 Bxc5 18.Qxc5 f6 19.Bc3 Qe7 20.Qc4 O-O 21.Nh4 Bf7 22.Bxd5 exd5 23.Qg4
Be6

[Event "AUT_2BO_200607"]
[Site "6 810Zwettl,4 511Bruck/L,2"]
[Date "2006.11.04"]
[Round "4"]
[Board "4"]
[White "Stranz, Richard"]
[Black "Steiner, Adam"]
[Result "1/2-1/2"]
[WhiteElo "2217"]
[BlackElo "2150"]
[PlyCount "48"]
[EventDate "2006.10.06"]
[EventType "team"]
[EventRounds "11"]
[EventCountry "AUT"]
[WhiteTeam "ASVOe SK Lackenbach"]
[BlackTeam "1 Wr NeustAedter SV"]

1.e4 e5 2.Nf3 Nc6 3.d4 exd4 4.Bc4 Nf6 5.e5 d5 6.Bb5 Ne4 7.Nxd4 Bc5 8.Be3 Bd7
9.Bxc6 bxc6 10.Nd2 Nxd2 11.Qxd2 O-O 12.O-O Bb6 13.Nb3 Qe7 14.Qc3 Rfe8 15.f4 f6
16.Bc5 fxe5 17.fxe5 Qg5 18.Rab1 Bf5 19.h4 Qg6 20.Rf3 Be4 21.Rg3 Qe6 22.Rg5 h6
23.Nd4 Bxc5 24.Qxc5 Qe7

[Event "AUT_2BO_200607"]
[Site "6 810Zwettl,4 511Bruck/L,2"]
[Date "2006.11.04"]
[Round "4"]
[Board "6"]
[White "Galavics, Hermann"]
[Black "Wiedner, Robert"]
[Result "1/2-1/2"]
[WhiteElo "2098"]
[BlackElo "2130"]
[PlyCount "21"]
[EventDate "2006.10.06"]
[EventType "team"]
[EventRounds "11"]
[EventCountry "AUT"]
[WhiteTeam "ASVOe SK Lackenbach"]
[BlackTeam "1 Wr NeustAedter SV"]

1.d4 Nf6 2.c4 e6 3.Nf3 c6 4.Nc3 d5 5.e3 Bb4 6.Bd2 O-O 7.Bd3 a6 8.c5 Nbd7 9.a3
Ba5 10.O-O Re8 11.Ne5

[Event "AUT_2BO_200607"]
[Site "6 810Zwettl,4 511Bruck/L,2"]
[Date "2006.11.04"]
[Round "4"]
[Board "1"]
[White "Blatny, Pavel"]
[Black "Kremsner, Andreas"]
[Result "1-0"]
[WhiteElo "2447"]
[BlackElo "2214"]
[PlyCount "59"]
[EventDate "2006.10.06"]
[EventType "team"]
[EventRounds "11"]
[EventCountry "AUT"]
[WhiteTeam "SK Zwettl"]
[BlackTeam "ASVOe Wulkaprodersdorf"]

1.b3 Nf6 2.Bb2 e6 3.e3 d5 4.f4 c5 5.Nf3 Be7 6.Bb5+ Bd7 7.Qe2 Bxb5 8.Qxb5+ Qd7
9.Qe2 Nc6 10.Ne5 Qc7 11.g4 O-O 12.g5 Nd7 13.Ng4 d4 14.O-O e5 15.Qg2 Kh8 16.Qh3
exf4 17.exf4 Qd6 18.Rf3 f5 19.Nf2 b5 20.a4 Nb4 21.Na3 a6 22.Re1 Rae8 23.axb5
axb5 24.Nxb5 Qc6 25.c4 Bxg5 26.Rxe8 Rxe8 27.fxg5 Re1+ 28.Kg2 Ne5 29.Qxf5 Nxf3
30.Qf8#

[Event "AUT_2BO_200607"]
[Site "6 810Zwettl,4 511Bruck/L,2"]
[Date "2006.11.04"]
[Round "4"]
[Board "3"]
[White "Vyskocil, Neklan"]
[Black "Steinwender, Peter"]
[Result "0-1"]
[WhiteElo "2374"]
[BlackElo "2111"]
[PlyCount "150"]
[EventDate "2006.10.06"]
[EventType "team"]
[EventRounds "11"]
[EventCountry "AUT"]
[WhiteTeam "SK Zwettl"]
[BlackTeam "ASVOe Wulkaprodersdorf"]

1.e4 c5 2.Nf3 d6 3.d4 cxd4 4.Nxd4 Nf6 5.Nc3 a6 6.Bc4 e6 7.Bb3 b5 8.Bg5 Be7 9.O-O
O-O 10.a3 Bb7 11.Bxe6 fxe6 12.Nxe6 Qc8 13.Nxf8 Qxf8 14.f3 Nbd7 15.Qd2 Rc8 16.Be3
Ne5 17.b3 Qd8 18.Bd4 Qc7 19.f4 Ned7 20.Rae1 Nc5 21.Nd5 Nxd5 22.exd5 Bf8 23.f5
Nd7 24.Rc1 Be7 25.c4 bxc4 26.bxc4 Ne5 27.Qe3 Bf6 28.c5 dxc5 29.Rxc5 Qd6 30.Rxc8+
Bxc8 31.Re1 Nd7 32.Qe8+ Qf8 33.Qe6+ Kh8 34.Bxf6 Nxf6 35.Qe7 Kg8 36.d6 Bxf5
37.Qc7 h5 38.Qc4+ Kh7 39.Qxa6 Ne4 40.Rd1 Bg4 41.Rf1 Qxd6 42.Qxd6 Nxd6 43.a4 Nc4
44.Rf4 Na5 45.Kf2 Bd7 46.Ke3 Kg6 47.Kd3 Bc6 48.g3 Nb7 49.Kc3 Nc5 50.a5 Na6
51.Kc4 Nc7 52.Kc5 Bg2 53.Rf2 Be4 54.Rd2 Kf6 55.Rd7 Na8 56.Kd6 g6 57.Re7 Bg2
58.Re2 Bh1 59.Kd7 Kg5 60.Kc8 Kg4 61.Kb8 g5 62.Rb2 Kh3 63.a6 h4 64.a7 Bc6 65.Rb4
Bg2 66.Rb5 Kxh2 67.g4 h3 68.Rxg5 Kg3 69.Rg8 h2 70.Rh8 Bh3 71.Rxh3+ Kxh3 72.Kxa8
h1=Q+ 73.Kb8 Qb1+ 74.Ka8 Qb4 75.g5 Qe7

[Event "AUT_2BO_200607"]
[Site "6 810Zwettl,4 511Bruck/L,2"]
[Date "2006.11.04"]
[Round "4"]
[Board "4"]
[White "Heiny, Johannes"]
[Black "Zwettler, Martin"]
[Result "1-0"]
[WhiteElo "2153"]
[BlackElo "2207"]
[PlyCount "41"]
[EventDate "2006.10.06"]
[EventType "team"]
[EventRounds "11"]
[EventCountry "AUT"]
[WhiteTeam "ASVOe Wulkaprodersdorf"]
[BlackTeam "SK Zwettl"]

1.Nf3 Nf6 2.g3 d5 3.Bg2 Bf5 4.O-O Nc6 5.c4 dxc4 6.Qa4 Qd7 7.Nc3 Bh3 8.Qxc4 Bxg2
9.Kxg2 e5 10.Qb5 O-O-O 11.Nxe5 Nxe5 12.Qxe5 h5 13.h4 Qc6+ 14.Kg1 g5 15.hxg5 h4
16.Qxf6 Bd6 17.Qf5+ Kb8 18.Qb5 hxg3 19.Qxc6 bxc6 20.fxg3 Rh3 21.Ne4

[Event "AUT_2BO_200607"]
[Site "6 810Zwettl,4 511Bruck/L,2"]
[Date "2006.11.04"]
[Round "4"]
[Board "6"]
[White "Heiny, Michael"]
[Black "Hangweyrer, Roman"]
[Result "1-0"]
[WhiteElo "1894"]
[BlackElo "2188"]
[PlyCount "55"]
[EventDate "2006.10.06"]
[EventType "team"]
[EventRounds "11"]
[EventCountry "AUT"]
[WhiteTeam "ASVOe Wulkaprodersdorf"]
[BlackTeam "SK Zwettl"]

1.d4 Nf6 2.c4 g6 3.Nc3 Bg7 4.e4 d6 5.Nf3 O-O 6.Be2 e5 7.O-O Nc6 8.d5 Ne7 9.b4
Nh5 10.Re1 f5 11.Ng5 Nf6 12.Bf3 c6 13.Ba3 h6 14.Ne6 Bxe6 15.dxe6 fxe4 16.Nxe4
Nxe4 17.Bxe4 d5 18.cxd5 cxd5 19.b5 Qb6 20.Qd2 dxe4 21.Bxe7 Rfe8 22.Qd7 Bf8
23.Bxf8 Rxf8 24.e7 Qxf2+ 25.Kh1 Rfe8 26.Rf1 Qc5 27.Qe6+ Kh8 28.Rf7

[Event "AUT_2BO_200607"]
[Site "6 810Zwettl,4 511Bruck/L,2"]
[Date "2006.11.04"]
[Round "4"]
[Board "1"]
[White "Ganaus, Hannes"]
[Black "Beim, Valeri"]
[Result "0-1"]
[WhiteElo "2326"]
[BlackElo "2514"]
[PlyCount "86"]
[EventDate "2006.10.06"]
[EventType "team"]
[EventRounds "11"]
[EventCountry "AUT"]
[WhiteTeam "SPG Data Technology Eichgraben/Pressbaum"]
[BlackTeam "SV Tschaturanga Neubau"]

1.e4 d6 2.d4 Nf6 3.f3 c5 4.d5 e6 5.c4 exd5 6.cxd5 g6 7.Nc3 Bg7 8.Nge2 a6 9.a4
Nbd7 10.Ng3 h5 11.Be2 h4 12.Nf1 Nh5 13.Be3 Be5 14.Qd2 Qf6 15.Bg5 Qg7 16.Kf2 Bd4+
17.Be3 Nf4 18.Rd1 Nxe2 19.Kxe2 Bf6 20.Bf4 Qf8 21.h3 Rb8 22.Ne3 b5 23.axb5 axb5
24.Kf2 Qe7 25.Rhe1 Ne5 26.Ra1 c4 27.Bxe5 Qxe5 28.Kg1 Bd7 29.Ncd1 Qd4 30.Qxd4
Bxd4 31.Kh1 O-O 32.Nc2 Bc5 33.Nc3 Rfe8 34.Ne2 b4 35.Ncd4 f5 36.Rec1 fxe4 37.Rxc4
exf3 38.gxf3 Bb5 39.Nxb5 Rxe2 40.Nc7 Rxb2 41.Ne6 b3 42.Nxc5 dxc5 43.d6 Ra2

[Event "AUT_2BO_200607"]
[Site "6 810Zwettl,4 511Bruck/L,2"]
[Date "2006.11.04"]
[Round "4"]
[Board "2"]
[White "Srienz, Christian"]
[Black "Neumeier, Klaus"]
[Result "1/2-1/2"]
[WhiteElo "2241"]
[BlackElo "2289"]
[PlyCount "48"]
[EventDate "2006.10.06"]
[EventType "team"]
[EventRounds "11"]
[EventCountry "AUT"]
[WhiteTeam "SV Tschaturanga Neubau"]
[BlackTeam "SPG Data Technology Eichgraben/Pressbaum"]

1.Nf3 Nf6 2.c4 g6 3.Nc3 Bg7 4.g3 O-O 5.Bg2 d6 6.O-O Nc6 7.d3 e5 8.Rb1 a5 9.a3 h6
10.b4 axb4 11.axb4 Be6 12.b5 Ne7 13.Bb2 Qd7 14.Re1 Bh3 15.Bh1 Ng4 16.Qb3 Kh7
17.Ne4 Kh8 18.c5 d5 19.c6 bxc6 20.bxc6 Nxc6 21.Nc5 Qd6 22.Nb7 Qe6 23.Nc5 Qd6
24.Nb7 Qe6

[Event "AUT_2BO_200607"]
[Site "6 810Zwettl,4 511Bruck/L,2"]
[Date "2006.11.04"]
[Round "4"]
[Board "3"]
[White "Weissenbeck, Manuel"]
[Black "Kleiser, Gregor"]
[Result "0-1"]
[WhiteElo "2247"]
[BlackElo "2276"]
[PlyCount "77"]
[EventDate "2006.10.06"]
[EventType "team"]
[EventRounds "11"]
[EventCountry "AUT"]
[WhiteTeam "SPG Data Technology Eichgraben/Pressbaum"]
[BlackTeam "SV Tschaturanga Neubau"]

1.d4 Nf6 2.Nf3 g6 3.g3 Bg7 4.Bg2 O-O 5.O-O d5 6.c4 c6 7.b3 Bf5 8.Nbd2 a5 9.Bb2
Ne4 10.Nh4 Nxd2 11.Qxd2 Be6 12.c5 Nd7 13.a3 b5 14.b4 axb4 15.axb4 Qc7 16.f4 Nf6
17.f5 Bd7 18.Qd3 Rxa1 19.Rxa1 Qc8 20.fxg6 fxg6 21.Bc1 Bh3 22.Bf3 Ne4 23.Be3 g5
24.Ng2 Bf5 25.Qd1 Qe6 26.Ra7 Bh3 27.Qd3 Qf6 28.Ra1 Bf5 29.Qb3 e5 30.dxe5 Qxe5
31.Ra7 h6 32.Ne1 Nc3 33.Bf2 g4 34.Nc2 gxf3 35.exf3 Bxc2 36.Qxc2 Rxf3 37.Qg6 Ne4
38.Be3 Ng5 39.Bf4

[Event "AUT_2BO_200607"]
[Site "6 810Zwettl,4 511Bruck/L,2"]
[Date "2006.11.04"]
[Round "4"]
[Board "4"]
[White "Ernst, Michael"]
[Black "Pichler, Michael"]
[Result "1/2-1/2"]
[WhiteElo "2177"]
[BlackElo "2192"]
[PlyCount "53"]
[EventDate "2006.10.06"]
[EventType "team"]
[EventRounds "11"]
[EventCountry "AUT"]
[WhiteTeam "SV Tschaturanga Neubau"]
[BlackTeam "SPG Data Technology Eichgraben/Pressbaum"]

1.d4 e6 2.c4 d5 3.Nc3 Nf6 4.cxd5 exd5 5.Bg5 Be7 6.e3 c6 7.Bd3 Nbd7 8.Qd2 O-O
9.Nf3 Re8 10.O-O Nf8 11.h3 Be6 12.Ne5 N6d7 13.Bxe7 Rxe7 14.f4 f6 15.Nf3 Bf7
16.Rae1 Qa5 17.a3 Rae8 18.Kf2 Qc7 19.b4 Nb6 20.Qc1 Nc8 21.Kg1 Nd6 22.Nh4 Ng6
23.Nf5 Nxf5 24.Bxf5 Nf8 25.Bd3 a5 26.Qd2 axb4 27.axb4

[Event "AUT_2BO_200607"]
[Site "6 810Zwettl,4 511Bruck/L,2"]
[Date "2006.11.04"]
[Round "4"]
[Board "5"]
[White "Hechl, Gerald"]
[Black "Petschar, Hans"]
[Result "1-0"]
[WhiteElo "2219"]
[BlackElo "2109"]
[PlyCount "81"]
[EventDate "2006.10.06"]
[EventType "team"]
[EventRounds "11"]
[EventCountry "AUT"]
[WhiteTeam "SPG Data Technology Eichgraben/Pressbaum"]
[BlackTeam "SV Tschaturanga Neubau"]

1.e4 e6 2.Nf3 d5 3.e5 c5 4.b4 cxb4 5.a3 Nc6 6.axb4 Bxb4 7.c3 Be7 8.d4 f6 9.Bd3
Nh6 10.exf6 Bxf6 11.Bxh6 gxh6 12.Ne5 O-O 13.Ng4 Bg7 14.O-O Qg5 15.Ne3 e5 16.Nxd5
exd4 17.c4 Bh3 18.Be4 Rae8 19.f4 Qh4 20.Qd3 Rxe4 21.Qxe4 Bf5 22.Qe1 Qd8 23.Ra3
d3 24.Nbc3 Re8 25.Qd1 Qh4 26.Nb5 Nd4 27.Nxd4 Bxd4+ 28.Kh1 Re2 29.Rxd3 Bxd3
30.Qxd3 Qe1 31.Qf3 Re8 32.h3 Qe2 33.Qxe2 Rxe2 34.Rd1 Bf2 35.Kh2 Kf7 36.Nc3 Rc2
37.Ne4 Be3 38.Kg3 Kg6 39.Kf3 Bb6 40.Rd7 Rc1 41.g4

[Event "AUT_2BO_200607"]
[Site "6 810Zwettl,4 511Bruck/L,2"]
[Date "2006.11.04"]
[Round "4"]
[Board "1"]
[White "Schlosser, Michael"]
[Black "Manik, Mikulas"]
[Result "0-1"]
[WhiteElo "2335"]
[BlackElo "2454"]
[PlyCount "78"]
[EventDate "2006.10.06"]
[EventType "team"]
[EventRounds "11"]
[EventCountry "AUT"]
[WhiteTeam "Aljechin/Wieden"]
[BlackTeam "OMV Pamhagen"]

1.e4 c5 2.Nf3 Nc6 3.d4 cxd4 4.Nxd4 Nf6 5.Nc3 d6 6.Bg5 e6 7.Qd2 a6 8.O-O-O Nxd4
9.Qxd4 Be7 10.f4 b5 11.e5 dxe5 12.Qxd8+ Bxd8 13.fxe5 Nd7 14.Bxd8 Kxd8 15.Be2 Ke7
16.Bf3 Rb8 17.Rhe1 b4 18.Ne2 Bb7 19.Nd4 Rhc8 20.Bxb7 Rxb7 21.Re4 a5 22.b3 Rc5
23.Nf3 Rbc7 24.Rd2 Nb6 25.Rg4 g6 26.Kb2 Nd5 27.Re4 a4 28.bxa4 Ra5 29.Rh4 h5
30.a3 Rb7 31.axb4 Nxb4 32.Ka3 Nc6 33.Re4 Rc5 34.Re3 Na5 35.Ka2 Nc4 36.Rc3 Rb2+
37.Ka1 Rb4 38.Rdd3 Ra5 39.Rb3 Rbxa4+

[Event "AUT_2BO_200607"]
[Site "6 810Zwettl,4 511Bruck/L,2"]
[Date "2006.11.04"]
[Round "4"]
[Board "2"]
[White "Alvir, Aco"]
[Black "Pachta, Paul"]
[Result "1-0"]
[WhiteElo "2370"]
[BlackElo "2300"]
[PlyCount "66"]
[EventDate "2006.10.06"]
[EventType "team"]
[EventRounds "11"]
[EventCountry "AUT"]
[WhiteTeam "OMV Pamhagen"]
[BlackTeam "Aljechin/Wieden"]

1.e4 c5 2.Nf3 d6 3.d4 cxd4 4.Nxd4 Nf6 5.Nc3 a6 6.Bg5 e6 7.f4 Nbd7 8.Qf3 Qc7
9.O-O-O b5 10.Bd3 Bb7 11.Rhe1 Qb6 12.Nd5 Qxd4 13.Bxf6 gxf6 14.Bxb5 Qc5 15.Nxf6+
Kd8 16.Nxd7 Qxb5 17.Nxf8 Rxf8 18.Qa3 Ke8 19.Qxd6 Qc6 20.Qd4 Qc7 21.g3 Rd8
22.Qa4+ Ke7 23.Qb4+ Kf6 24.Rd3 a5 25.Qb5 h6 26.Rc3 Qd7 27.Qe5+ Kg6 28.Rd3 Qc6
29.Ra3 a4 30.g4 Qd7 31.Rd3 Qe7 32.Rh3 Qb4 33.Qh5+ Kf6

[Event "AUT_2BO_200607"]
[Site "6 810Zwettl,4 511Bruck/L,2"]
[Date "2006.11.04"]
[Round "4"]
[Board "3"]
[White "Hodisch, Juri"]
[Black "Lipka, Juraj"]
[Result "1/2-1/2"]
[WhiteElo "2349"]
[BlackElo "2418"]
[PlyCount "85"]
[EventDate "2006.10.06"]
[EventType "team"]
[EventRounds "11"]
[EventCountry "AUT"]
[WhiteTeam "Aljechin/Wieden"]
[BlackTeam "OMV Pamhagen"]

1.d4 Nf6 2.c4 e6 3.Nc3 Bb4 4.e3 c5 5.Nge2 cxd4 6.exd4 O-O 7.a3 Be7 8.Nf4 d5
9.cxd5 Nxd5 10.Ncxd5 exd5 11.Bd3 Nc6 12.O-O Bg5 13.Be3 Bxf4 14.Bxf4 Qf6 15.Be3
Bf5 16.Be2 Be4 17.Qd2 Rfe8 18.f3 Bf5 19.Bf2 Rac8 20.Rac1 Nb8 21.Rfd1 h6 22.Rc5
Nd7 23.Rxc8 Rxc8 24.Rc1 Rxc1+ 25.Qxc1 Qd8 26.Qc3 Nf8 27.Be3 a6 28.Bd1 Bd7 29.Bc2
Qc8 30.Qxc8 Bxc8 31.Bb3 Be6 32.Bf4 f6 33.Kf2 Kf7 34.g4 Ke7 35.Bd2 Nd7 36.Bb4+
Ke8 37.Ba4 Kf7 38.Bc2 Nb8 39.h4 g6 40.Bc5 Nc6 41.b4 g5 42.hxg5 hxg5 43.a4

[Event "AUT_2BO_200607"]
[Site "6 810Zwettl,4 511Bruck/L,2"]
[Date "2006.11.04"]
[Round "4"]
[Board "4"]
[White "Franzen, Jozef"]
[Black "Vitouch, Anatol"]
[Result "1-0"]
[WhiteElo "2344"]
[BlackElo "2208"]
[PlyCount "77"]
[EventDate "2006.10.06"]
[EventType "team"]
[EventRounds "11"]
[EventCountry "AUT"]
[WhiteTeam "OMV Pamhagen"]
[BlackTeam "Aljechin/Wieden"]

1.c4 Nf6 2.g3 c5 3.Bg2 Nc6 4.Nf3 g6 5.O-O Bg7 6.d4 cxd4 7.Nxd4 O-O 8.Nc3 d6
9.Nc2 h5 10.e4 Bg4 11.f3 Be6 12.Ne3 Rc8 13.Ncd5 Nd7 14.Rb1 Bxd5 15.exd5 Nd4
16.b3 b5 17.Bb2 Qb6 18.Kh1 bxc4 19.Nxc4 Qc5 20.Rc1 Nf5 21.Bxg7 Kxg7 22.Bh3 Nf6
23.Bxf5 gxf5 24.Qd2 Qxd5 25.Qg5+ Kh8 26.Rce1 Qb7 27.Nxd6 exd6 28.Qxf6+ Kg8
29.Qg5+ Kh8 30.Qxh5+ Kg7 31.Qg5+ Kh8 32.Qxf5 Rfe8 33.Qf6+ Kg8 34.Rxe8+ Rxe8
35.Qxd6 Qb5 36.Rf2 Re1+ 37.Kg2 a5 38.Qd8+ Kg7 39.Qd2

[Event "AUT_2BO_200607"]
[Site "6 810Zwettl,4 511Bruck/L,2"]
[Date "2006.11.04"]
[Round "4"]
[Board "5"]
[White "Goetz, Alexander"]
[Black "Kuthan, Andreas"]
[Result "1/2-1/2"]
[WhiteElo "2172"]
[BlackElo "2221"]
[PlyCount "32"]
[EventDate "2006.10.06"]
[EventType "team"]
[EventRounds "11"]
[EventCountry "AUT"]
[WhiteTeam "Aljechin/Wieden"]
[BlackTeam "OMV Pamhagen"]

1.c4 g6 2.g3 Bg7 3.Bg2 Nf6 4.Nc3 O-O 5.d3 c6 6.e4 d6 7.Nge2 Nbd7 8.O-O e5 9.h3
a6 10.Be3 b5 11.Qd2 Rb8 12.cxb5 axb5 13.b4 Bb7 14.a4 bxa4 15.Nxa4 Re8 16.Nb2 d5

[Event "AUT_2BO_200607"]
[Site "6 810Zwettl,4 511Bruck/L,2"]
[Date "2006.11.04"]
[Round "4"]
[Board "6"]
[White "Froschauer, Hans"]
[Black "Zaynard, Andreas"]
[Result "0-1"]
[WhiteElo "2180"]
[BlackElo "2068"]
[PlyCount "132"]
[EventDate "2006.10.06"]
[EventType "team"]
[EventRounds "11"]
[EventCountry "AUT"]
[WhiteTeam "OMV Pamhagen"]
[BlackTeam "Aljechin/Wieden"]

1.Nf3 d6 2.d4 Bg4 3.e3 Nd7 4.Nbd2 e5 5.h3 Bh5 6.Bd3 Be7 7.c3 c6 8.Nf1 Bxf3
9.gxf3 d5 10.Qc2 Ngf6 11.Bd2 g6 12.O-O-O Qb6 13.Kb1 O-O-O 14.Ng3 Kb8 15.Be2 Rc8
16.e4 Ka8 17.dxe5 Nxe5 18.f4 Nc4 19.Bxc4 dxc4 20.Be3 Bc5 21.Bd4 Bxd4 22.Rxd4 c5
23.Rdd1 Rhd8 24.Qe2 Qe6 25.e5 Ne8 26.Rxd8 Rxd8 27.Rd1 Rxd1+ 28.Qxd1 a6 29.Kc1
Ka7 30.h4 h5 31.Ne4 Qf5 32.Qf3 b6 33.Nd2 Qe6 34.Qe4 b5 35.Qe3 Qd5 36.Ne4 Kb6
37.Ng5 Nc7 38.Qd2 Kc6 39.f3 a5 40.Kd1 b4 41.Ke2 Qxd2+ 42.Kxd2 Nd5 43.Nxf7 Nxf4
44.e6 a4 45.Ne5+ Kd6 46.Nxc4+ Kxe6 47.Nb6 b3 48.axb3 axb3 49.Nc4 g5 50.hxg5 h4
51.Ne3 h3 52.Ng4 c4 53.g6 Nxg6 54.Ke3 Ne5 55.Kf2 Nd3+ 56.Kg3 Nxb2 57.Ne3 h2
58.Kxh2 Na4 59.Nxc4 Kd5 60.Nd2 b2 61.Kg2 Nxc3 62.Kf2 Kd4 63.Ke1 Kd3 64.f4 Ne4
65.Nb1 Kc2 66.Na3+ Kb3